000 00383nam a2200157 a 4500
003 MO
005 20170315114646.0
008 100927s19uu xx 00 eng d
050 _aTR
_bSt4 2004
100 _aStewart, Paul
245 _aMidnigh over sanctaphrax.
260 _aNew York :
_bYearling,
_c2004.
440 _aThe edge chronicles
942 _2ddc
_cBK
999 _c110934
_d110934